000 00401nam a2200145Ia 4500
008 220217s9999||||xx |||||||||||||| ||und||
020 _a81-7808-736-7
082 _a005.13 KER
100 _aKernighan, Brian, W and Ritchie, Dennis, M
245 0 _aC programming language
250 _a2nd
260 _aPearson education asia
_bDelhi
_c2002
300 _b95
650 _aPROGRAMMING LANGUAGE
999 _c171517
_d171517